[Event "Mittelfrank Regionalliga Sud-West 2122"]
[Site "Mittelfranken"]
[Date "2022.03.20"]
[Round "4.7"]
[White "Abdic, Adnan"]
[Black "Richtmann, Peter"]
[Result "1-0"]
[WhiteElo "2107"]
[BlackElo "1899"]
[PlyCount "59"]
[EventDate "2021.10.24"]
[EventType "team-tourn"]
[EventRounds "9"]
[EventCountry "GER"]
[SourceTitle "EXT 2024"]
[Source "ChessBase"]
[SourceDate "2023.10.10"]
[SourceVersion "1"]
[SourceVersionDate "2023.10.10"]
[SourceQuality "1"]
[WhiteTeam "Augsburg Schachfreunde"]
[BlackTeam "Dillingen"]
[WhiteTeamCountry "GER"]
[BlackTeamCountry "GER"]

1. e4 c5 2. Nf3 Nc6 3. d4 cxd4 4. Nxd4 e6 5. Nc3 Qc7 6. Be3 a6 7. Qd2 Nf6 8. f3 d6 9. 0-0-0 Be7 10. g4 Nxd4 11. Bxd4 e5 12. Be3 Be6 13. g5 Nd7 14. h4 b5 15. Bh3 Rd8 16. Nd5 Bxd5 17. exd5 Nc5 18. h5 Rb8 19. f4 exf4 20. Bd4 b4 21. Kb1 Ne4 22. Qd3 Nc5 23. Qf5 0-0 24. Qxf4 Qd8 25. Rhg1 Rb6 26. b3 a5 27. Bb2 Rb7 28. Qd4 f6 29. h6 g6 30. Rdf1 1-0

[Event "Sarajevo Bosna op 49th"]
[Site "Sarajevo"]
[Date "2019.04.29"]
[Round "4"]
[White "Abdic, Adnan"]
[Black "Haskovic, Salih"]
[Result "1-0"]
[WhiteElo "2177"]
[BlackElo "1790"]
[PlyCount "65"]
[EventDate "2019.04.27"]
[EventType "swiss"]
[EventRounds "9"]
[EventCountry "BIH"]
[SourceTitle "CBM 190 Extra"]
[Source "ChessBase"]
[SourceDate "2019.07.15"]
[SourceVersion "1"]
[SourceVersionDate "2019.07.15"]
[SourceQuality "1"]

1. e4 e5 2. Nf3 Nc6 3. Bb5 Nd4 4. Nxd4 exd4 5. 0-0 c6 6. Bc4 b5 7. Bb3 a5 8. a4 b4 9. Qf3 Qf6 10. Qe2 Bc5 11. d3 Bb7 12. e5 Qe7 13. Qg4 g6 14. Bg5 Qf8 15. Nd2 h6 16. Qh4 Ne7 17. Bf6 Nf5 18. Qf4 h5 19. Ne4 Be7 20. Nd6+ Kd8 21. Nxb7+ Kc8 22. Nd6+ Nxd6 23. exd6 Bxd6 24. Qxd4 Rg8 25. Rfe1 Bc5 26. Qe5 Bd6 27. Qg5 h4 28. h3 Kb7 29. Be7 Bxe7 30. Rxe7 Qd8 31. Rae1 f6 32. Qxf6 Rf8 33. Qd6 1-0

[Event "BIH-chT1"]
[Site "Bosanska Krupa"]
[Date "2018.08.30"]
[Round "9"]
[White "Stavnjak, Lazar"]
[Black "Abdic, Adnan"]
[Result "1/2-1/2"]
[WhiteElo "2221"]
[BlackElo "2123"]
[PlyCount "44"]
[EventDate "2018.08.25"]
[EventType "tourn"]
[EventRounds "9"]
[EventCountry "BIH"]
[SourceTitle "CBM 186 Extra"]
[Source "ChessBase"]
[SourceDate "2018.08.24"]
[SourceVersion "1"]
[SourceVersionDate "2018.08.24"]
[SourceQuality "1"]

1. e4 e5 2. Nf3 Nc6 3. Bb5 a6 4. Bxc6 dxc6 5. 0-0 f6 6. d4 Bg4 7. dxe5 Qxd1 8. Rxd1 fxe5 9. h3 Bxf3 10. gxf3 Bd6 11. Nc3 Ne7 12. Ne2 Ng6 13. Kg2 0-0 14. Kg3 Rf7 15. Rd3 Raf8 16. Bd2 Be7 17. Ng1 h6 18. Rd1 Nh4 19. Bc3 Ng6 20. Bd2 Nh4 21. Bc3 Ng6 22. Bd2 Nh4 1/2-1/2

[Event "BIH-chT1"]
[Site "Bosanska Krupa"]
[Date "2018.08.28"]
[Round "6"]
[White "Abdic, Adnan"]
[Black "Rahmanovic, Mesan"]
[Result "1-0"]
[WhiteElo "2123"]
[BlackElo "1925"]
[PlyCount "73"]
[EventDate "2018.08.25"]
[EventType "tourn"]
[EventRounds "9"]
[EventCountry "BIH"]
[SourceTitle "CBM 186 Extra"]
[Source "ChessBase"]
[SourceDate "2018.08.24"]
[SourceVersion "1"]
[SourceVersionDate "2018.08.24"]
[SourceQuality "1"]

1. e4 e5 2. Nf3 d6 3. d4 exd4 4. Nxd4 Nf6 5. Nc3 Be7 6. Bc4 a6 7. a4 a5 8. 0-0 Na6 9. f4 0-0 10. Ba2 Nc5 11. e5 dxe5 12. fxe5 Ng4 13. Bf4 Bg5 14. Ndb5 Qxd1 15. Raxd1 Bxf4 16. Rxf4 Nxe5 17. Nxc7 Rb8 18. Rd5 Ncd7 19. Re4 Nc6 20. Rd6 Nf6 21. Re2 Bf5 22. N3d5 Ne4 23. Rxc6 bxc6 24. Ne7+ Kh8 25. Nxf5 Rxb2 26. Rxe4 Rxa2 27. Rc4 Rd8 28. Nd4 g6 29. h3 c5 30. Nb3 Rd7 31. Na6 h5 32. Naxc5 Ra1+ 33. Nxa1 Rd1+ 34. Kf2 Rxa1 35. Nb3 Ra2 36. Ke3 Kg7 37. Kd2 1-0

[Event "BIH-chT1A 22nd"]
[Site "Tuzla"]
[Date "2015.10.18"]
[Round "5.3"]
[White "Abdic, Adnan"]
[Black "Petrovic, Sasa"]
[Result "0-1"]
[WhiteElo "2170"]
[BlackElo "2225"]
[PlyCount "104"]
[EventDate "2015.10.16"]
[EventType "tourn"]
[EventRounds "9"]
[EventCountry "BIH"]
[SourceTitle "CBM 169 Extra"]
[Source "ChessBase"]
[SourceDate "2015.12.18"]
[SourceVersion "1"]
[SourceVersionDate "2015.12.18"]
[SourceQuality "1"]

1. e4 Nf6 2. e5 Nd5 3. c4 Nb6 4. d4 d6 5. exd6 exd6 6. Bd3 Nc6 7. Be3 g6 8. h3 Bg7 9. Nf3 0-0 10. 0-0 Ne7 11. Re1 Nf5 12. Nc3 Nxe3 13. fxe3 Be6 14. b3 c5 15. Rc1 Rc8 16. d5 Bd7 17. Qd2 Qc7 18. Qf2 Rce8 19. Ne4 Bf5 20. Qc2 Nd7 21. Nf2 Bxd3 22. Nxd3 Ne5 23. Ndxe5 Bxe5 24. Qd2 Re7 25. Qf2 Rfe8 26. Qh4 Bg7 27. e4 Qd7 28. Qf4 Be5 29. Qh4 Kg7 30. Kh1 b5 31. cxb5 Qxb5 32. Rf1 Qd7 33. Nxe5 Rxe5 34. Qf6+ Kg8 35. b4 cxb4 36. Rc6 Rxe4 37. Rxd6 Qe7 38. Ra6 Qxf6 39. Rfxf6 R8e7 40. Rfd6 Rd4 41. Rd8+ Kg7 42. d6 Rb7 43. Kg1 Rd2 44. Rc8 b3 45. axb3 Rxb3 46. Rc4 Rbb2 47. Rg4 h5 48. Rg3 h4 49. Rg4 f5 50. Rc4 Rxg2+ 51. Kf1 Rgd2 52. Ke1 Rh2 0-1

[Event "BIH-chT1A 22nd"]
[Site "Tuzla"]
[Date "2015.10.18"]
[Round "4.3"]
[White "Omercic, Muhamed"]
[Black "Abdic, Adnan"]
[Result "0-1"]
[WhiteElo "2066"]
[BlackElo "2170"]
[PlyCount "142"]
[EventDate "2015.10.16"]
[EventType "tourn"]
[EventRounds "9"]
[EventCountry "BIH"]
[SourceTitle "CBM 169 Extra"]
[Source "ChessBase"]
[SourceDate "2015.12.18"]
[SourceVersion "1"]
[SourceVersionDate "2015.12.18"]
[SourceQuality "1"]

1. d4 d5 2. Nf3 Nf6 3. c4 c6 4. cxd5 cxd5 5. Nc3 Nc6 6. e3 a6 7. Bd3 Bg4 8. h3 Bxf3 9. gxf3 e5 10. dxe5 Nxe5 11. Be2 Bb4 12. f4 Nc6 13. a3 Bxc3+ 14. bxc3 Qd7 15. Bb2 0-0-0 16. Qa4 Rhe8 17. Rd1 Qe6 18. f5 Qxf5 19. Bxa6 Kc7 20. Bd3 Qf3 21. Rf1 Ne4 22. Be2 Qxh3 23. Qb5 Qe6 24. a4 f5 25. a5 Ne5 26. Rd4 Qc6 27. Qb3 Nc5 28. Qb4 Nc4 29. Ba3 Na6 30. Qb3 Nxa5 31. Qc2 Re4 32. Rh1 h6 33. Bd3 Rxd4 34. exd4 f4 35. Bg6 Nc4 36. Bc1 Qf6 37. Qf5 Qxf5 38. Bxf5 Rf8 39. Bd3 Rf6 40. f3 g5 41. Kf2 Re6 42. Bf5 Rf6 43. Bd3 Re6 44. Bf5 Rf6 45. Bd3 Kc6 46. Re1 Nc7 47. Re7 Nb5 48. Bxc4 dxc4 49. Bd2 Nc7 50. Re5 Nd5 51. Re8 Kd7 52. Rh8 b5 53. Rb8 Rb6 54. Rh8 b4 55. Rh7+ Ke8 56. Rh8+ Kf7 57. cxb4 c3 58. Be1 Rxb4 59. Ke2 Rxd4 60. Rc8 Ra4 61. Kd3 Ra1 62. Bf2 Rf1 63. Bd4 Ne7 64. Rc7 Ke6 65. Bxc3 Rxf3+ 66. Kd4 Nf5+ 67. Kc4 Nd6+ 68. Kb4 Ne4 69. Bd4 h5 70. Rh7 h4 71. Kc4 Nd2+ 0-1

[Event "BIH-chT 9th"]
[Site "Bihac"]
[Date "2010.06.10"]
[Round "6"]
[White "Sadikovic, Jasmin"]
[Black "Abdic, Adnan"]
[Result "1/2-1/2"]
[WhiteElo "2100"]
[BlackElo "2177"]
[PlyCount "57"]
[EventDate "2010.06.05"]
[EventType "team-tourn"]
[EventRounds "9"]
[EventCountry "BIH"]
[SourceTitle "EXT 2019"]
[Source "ChessBase"]
[SourceDate "2018.10.10"]
[SourceVersion "1"]
[SourceVersionDate "2018.10.10"]
[SourceQuality "1"]
[WhiteTeam "Gorazde"]
[BlackTeam "Cazin Ljiljan"]
[WhiteTeamCountry "BIH"]
[BlackTeamCountry "BIH"]

1. d4 d5 2. c4 c6 3. Nf3 Nf6 4. Nc3 e6 5. e3 Nbd7 6. Bd3 dxc4 7. Bxc4 b5 8. Bd3 a6 9. 0-0 c5 10. a3 Bb7 11. Qe2 Bd6 12. Rd1 0-0 13. Bc2 Qc7 14. h3 Rfd8 15. dxc5 Nxc5 16. b4 Nce4 17. Nxe4 Nxe4 18. Bxe4 Bxe4 19. Bb2 Qb7 20. Rac1 Be7 21. Nd2 Bd3 22. Qg4 Bg6 23. Nf3 Rxd1+ 24. Rxd1 Rd8 25. Rxd8+ Bxd8 26. Qd4 Bf6 27. Qd2 Be7 28. Qc3 Bf6 29. Qd2 1/2-1/2

[Event "BIH-chT1"]
[Site "Neum"]
[Date "2008.08.24"]
[Round "3.3"]
[White "Abdic, Adnan"]
[Black "Kojic, Tigran"]
[Result "1/2-1/2"]
[WhiteElo "2152"]
[BlackElo "2224"]
[PlyCount "20"]
[EventDate "2008.08.23"]
[EventType "team"]
[EventRounds "9"]
[EventCountry "BIH"]
[SourceTitle "CBM 126 Extra"]
[Source "ChessBase"]
[SourceDate "2008.11.05"]
[SourceVersion "1"]
[SourceVersionDate "2008.11.05"]
[SourceQuality "1"]

1. e4 d6 2. d4 Nf6 3. Nc3 g6 4. f3 c6 5. Be3 b6 6. Qc1 Bg7 7. Bd3 Nbd7 8. Nge2 c5 9. dxc5 dxc5 10. 0-0 0-0 1/2-1/2

[Event "BIH-chT1"]
[Site "Neum"]
[Date "2008.08.24"]
[Round "2.4"]
[White "Miskic, Sejfudin"]
[Black "Abdic, Adnan"]
[Result "0-1"]
[WhiteElo "2154"]
[BlackElo "2152"]
[PlyCount "86"]
[EventDate "2008.08.23"]
[EventType "team"]
[EventRounds "9"]
[EventCountry "BIH"]
[SourceTitle "CBM 126 Extra"]
[Source "ChessBase"]
[SourceDate "2008.11.05"]
[SourceVersion "1"]
[SourceVersionDate "2008.11.05"]
[SourceQuality "1"]

1. c4 e5 2. Nc3 Nc6 3. g3 Nf6 4. Bg2 Bb4 5. Nd5 Bc5 6. d3 Nxd5 7. cxd5 Qf6 8. Nf3 Nd4 9. 0-0 Nxf3+ 10. Bxf3 0-0 11. Bd2 Qe7 12. Rc1 a5 13. Qe1 Bb6 14. a4 d6 15. Ra1 f5 16. b4 axb4 17. Bxb4 f4 18. a5 Ba7 19. Rc1 Rf7 20. Rc4 Bh3 21. Bg2 Qd7 22. Qc1 fxg3 23. hxg3 Raf8 24. e3 Bxg2 25. Kxg2 Qf5 26. Qd1 Bxe3 27. fxe3 Qxf1+ 28. Qxf1 Rxf1 29. Rxc7 R8f2+ 30. Kh3 h5 31. Kh4 Rf5 32. Kh3 g5 33. Rc2 R1f2 34. Rxf2 Rxf2 35. Bxd6 Rf3 36. Bxe5 Rxe3 37. d4 Kf7 38. Kg2 Ra3 39. Bc7 Ra4 40. Bb6 Ra3 41. Bd8 g4 42. Kf2 Rd3 43. Bb6 Ke7 0-1

[Event "BIH-chT1"]
[Site "Neum"]
[Date "2008.08.23"]
[Round "1.2"]
[White "Abdic, Adnan"]
[Black "Kruskic, Mirsad"]
[Result "1/2-1/2"]
[WhiteElo "2152"]
[BlackElo "2239"]
[PlyCount "95"]
[EventDate "2008.08.23"]
[EventType "team"]
[EventRounds "9"]
[EventCountry "BIH"]
[SourceTitle "CBM 126 Extra"]
[Source "ChessBase"]
[SourceDate "2008.11.05"]
[SourceVersion "1"]
[SourceVersionDate "2008.11.05"]
[SourceQuality "1"]

1. e4 c5 2. Nf3 d6 3. d4 cxd4 4. Nxd4 Nf6 5. Nc3 a6 6. Bg5 e5 7. Nb3 Be6 8. Qd2 Nbd7 9. f3 Be7 10. h4 b5 11. g4 h6 12. Be3 Nb6 13. Bxb6 Qxb6 14. Nd5 Nxd5 15. exd5 Bd7 16. 0-0-0 a5 17. Kb1 b4 18. Nc1 0-0 19. g5 h5 20. Bd3 g6 21. f4 Rfc8 22. Rhf1 Rc7 23. f5 gxf5 24. Bxf5 Bxf5 25. Rxf5 Bf8 26. g6 fxg6 27. Rf6 Rg7 28. Qg2 Raa7 29. Rxg6 Qe3 30. Rg1 a4 31. Qf1 a3 32. Rxg7+ Rxg7 33. Rxg7+ Bxg7 34. Qf5 Qh6 35. bxa3 bxa3 36. Qf3 Qf6 37. Qxh5 e4 38. Qe8+ Bf8 39. Qb8 Qxh4 40. Qb4 Qh1 41. Qxa3 Bh6 42. Qb2 Qd1 43. Qb8+ Bf8 44. Qb5 Bh6 45. Qe8+ Kg7 46. Qe7+ Kg8 47. Qe8+ Kg7 48. Qe7+ 1/2-1/2

[Event "BIH CFFBH-chT1"]
[Site "Neum"]
[Date "2007.08.30"]
[Round "8"]
[White "Komadaric, Edin"]
[Black "Abdic, Adnan"]
[Result "1/2-1/2"]
[WhiteElo "2116"]
[BlackElo "2142"]
[PlyCount "30"]
[EventDate "2007.08.25"]
[EventType "team-tourn"]
[EventRounds "9"]
[EventCountry "BIH"]
[SourceTitle "EXT 2023"]
[Source "ChessBase"]
[SourceDate "2022.10.05"]
[SourceVersion "1"]
[SourceVersionDate "2022.10.05"]
[SourceQuality "1"]

1. e4 e5 2. Nf3 Nf6 3. Nc3 Bb4 4. Nxe5 Qe7 5. Nf3 Bxc3 6. dxc3 Nxe4 7. Be2 0-0 8. 0-0 h6 9. Re1 Qf6 10. Be3 Nc6 11. Qd5 Qe6 12. Qxe6 fxe6 13. Bd3 Nf6 14. Rad1 d6 15. b4 e5 1/2-1/2

[Event "BIH CFFBH-chT1"]
[Site "Neum"]
[Date "2007.08.29"]
[Round "7"]
[White "Mrndjic, Muamer"]
[Black "Abdic, Adnan"]
[Result "0-1"]
[WhiteElo "2107"]
[BlackElo "2142"]
[PlyCount "73"]
[EventDate "2007.08.25"]
[EventType "team-tourn"]
[EventRounds "9"]
[EventCountry "BIH"]
[SourceTitle "EXT 2023"]
[Source "ChessBase"]
[SourceDate "2022.10.05"]
[SourceVersion "1"]
[SourceVersionDate "2022.10.05"]
[SourceQuality "1"]

1. c4 e5 2. g3 Nc6 3. Bg2 g6 4. Nc3 Bg7 5. e3 Nge7 6. Nge2 0-0 7. 0-0 d6 8. h3 Be6 9. Nd5 Qd7 10. Kh2 Rae8 11. d3 f5 12. Rb1 Nd8 13. b4 b6 14. b5 g5 15. f4 Bxd5 16. cxd5 gxf4 17. gxf4 Ng6 18. Ng3 exf4 19. exf4 Qe7 20. Qh5 Qh4 21. Bf3 Nb7 22. Qxh4 Nxh4 23. Bh5 Re7 24. Rb4 Nc5 25. Rd1 a5 26. Rc4 Bh6 27. Kg1 Bg7 28. Kf2 Bf6 29. Be3 Rg7 30. Be2 Re7 31. Rdc1 Rfe8 32. Nf1 Rg7 33. R1c2 Ng2 34. Bd2 Ree7 35. Kf3 Nh4+ 36. Kf2 Rg2+ 37. Ke1 0-1

[Event "BIH-chT2"]
[Site "Neum"]
[Date "2005.08.21"]
[Round "3"]
[White "Abdic, Adnan"]
[Black "Osmanovic, Kemal"]
[Result "1/2-1/2"]
[WhiteElo "2094"]
[BlackElo "2337"]
[PlyCount "51"]
[EventDate "2005.08.20"]
[EventType "team"]
[EventRounds "9"]
[EventCountry "BIH"]
[SourceTitle "EXT 2007"]
[Source "ChessBase"]
[SourceDate "2006.11.23"]
[SourceVersion "1"]
[SourceVersionDate "2006.11.23"]
[SourceQuality "1"]

1. e4 c5 2. Nf3 e6 3. d4 cxd4 4. Nxd4 a6 5. Bd3 Nc6 6. Nxc6 dxc6 7. 0-0 e5 8. a4 Nf6 9. Nd2 Bg4 10. Qe1 Bc5 11. Nc4 Qe7 12. a5 0-0 13. h3 Be6 14. Kh1 Nd7 15. f4 exf4 16. Bxf4 Bxc4 17. Bxc4 Bd6 18. Bxd6 Qxd6 19. Rd1 Qc7 20. Qc3 Ne5 21. Bb3 Rad8 22. Rde1 g6 23. Qg3 Kh8 24. Qc3 Kg8 25. Qg3 Kh8 26. Qc3 1/2-1/2

[Event "BIH-chT2"]
[Site "Neum"]
[Date "2003.08.28"]
[Round "8"]
[White "Bajramovic, Halid"]
[Black "Abdic, Adnan"]
[Result "1/2-1/2"]
[WhiteElo "2263"]
[BlackElo "2030"]
[PlyCount "59"]
[EventDate "2003.08.23"]
[EventType "team"]
[EventRounds "9"]
[EventCountry "BIH"]
[SourceTitle "EXT 2004"]
[Source "ChessBase"]
[SourceDate "2003.11.25"]
[SourceVersion "1"]
[SourceVersionDate "2003.11.25"]
[SourceQuality "1"]

1. d4 d5 2. c4 c6 3. Nc3 Nf6 4. Nf3 e6 5. Bg5 dxc4 6. a4 Bb4 7. Bxf6 Qxf6 8. a5 c5 9. e3 Nc6 10. Bxc4 cxd4 11. exd4 Bxa5 12. 0-0 0-0 13. Ne4 Qf4 14. Qc2 Bb6 15. Neg5 g6 16. d5 Nb4 17. Qb3 Nxd5 18. Ra4 Bd7 19. Bb5 Qd6 20. Bxd7 Qxd7 21. Rh4 Nf6 22. Ne5 Qd2 23. Qg3 Rac8 24. Ngf3 Qxb2 25. Qg5 Bd8 26. Qh6 Nh5 27. Rxh5 gxh5 28. Ng5 Bxg5 29. Qxg5+ Kh8 30. Qf6+ 1/2-1/2

[Event "BIH-chT2"]
[Site "Neum"]
[Date "2003.08.26"]
[Round "6"]
[White "Abdic, Adnan"]
[Black "Obuca, Bajro"]
[Result "1/2-1/2"]
[WhiteElo "2030"]
[BlackElo "2186"]
[PlyCount "57"]
[EventDate "2003.08.23"]
[EventType "team"]
[EventRounds "9"]
[EventCountry "BIH"]
[SourceTitle "EXT 2004"]
[Source "ChessBase"]
[SourceDate "2003.11.25"]
[SourceVersion "1"]
[SourceVersionDate "2003.11.25"]
[SourceQuality "1"]

1. e4 e5 2. Nf3 Nc6 3. Bb5 a6 4. Ba4 Nf6 5. 0-0 b5 6. Bb3 Be7 7. Re1 d6 8. c3 0-0 9. h3 Na5 10. Bc2 c5 11. d4 Qc7 12. Nbd2 g6 13. Nf1 Re8 14. Ne3 Bf8 15. d5 Bd7 16. Nh2 Bg7 17. Neg4 Nxg4 18. Nxg4 f5 19. Nh6+ Bxh6 20. Bxh6 f4 21. Bg5 Kg7 22. f3 h6 23. Bh4 g5 24. Bf2 Nb7 25. Qd2 h5 26. g4 Rh8 27. Kg2 Kf7 28. a4 Qc8 29. Qe2 1/2-1/2

[Event "BIH-chT"]
[Site "Neum"]
[Date "2000.??.??"]
[Round "3"]
[White "Abdic, Adnan"]
[Black "Delchev, Aleksander"]
[Result "0-1"]
[WhiteElo "2036"]
[BlackElo "2557"]
[PlyCount "68"]
[EventDate "2000.08.25"]
[EventType "team"]
[EventRounds "9"]
[EventCountry "BIH"]
[SourceTitle "EXT 2006"]
[Source "ChessBase"]
[SourceDate "2005.11.24"]
[SourceVersion "1"]
[SourceVersionDate "2005.11.24"]
[SourceQuality "1"]

1. e4 c5 2. Nf3 e6 3. d4 cxd4 4. Nxd4 a6 5. Bd3 Bc5 6. Nb3 Be7 7. 0-0 d6 8. Nc3 Nf6 9. a4 b6 10. f4 Nbd7 11. Qe2 Qc7 12. Be3 Bb7 13. Kh1 0-0 14. Rae1 Rfe8 15. Bd4 e5 16. fxe5 dxe5 17. Be3 Bb4 18. Bd2 Bxc3 19. Bxc3 a5 20. g4 Re7 21. g5 Ne8 22. Qh5 Nd6 23. Rf3 Bc6 24. h4 f5 25. gxf6 Nxf6 26. Rxf6 gxf6 27. Qh6 Rf8 28. Nd2 Rg7 29. Kh2 Rg6 30. Qe3 Kh8 31. Nc4 Nxc4 32. Bxc4 Qg7 33. Re2 Rg4 34. Be1 Rxe4 0-1